000 00480nam a2200193Ia 4500
003 GCL
008 140319s9999 xx 000 0 eng d
020 _a071483808X
040 _aGCL /
_cGCL
082 0 4 _a746.92
_bP F
245 1 0 _aTHE FASHION BOOK
260 _aانجلترا :
_bPHAIDON PRESS, LTD. ،
_c1998
300 _a32 CM ؛
_c500 P
650 0 4 _aCLOTHING AND DRESS
650 0 4 _aFASHION
650 0 4 _aFASHION AND ART
650 0 4 _aDRESS MAKING
942 _2ddc
_cBK
999 _c6604
_d6604